000 00706nam a22002177a 4500
999 _c6972
_d6972
003 AR-CdUCM
008 190319b ||||| |||| 00| 0 spa d
040 _aMUNICIPALIDAD PROVINCIAL DEL CUSCO
_cBIBLIOTECA MUNICIPAL DEL CUSCO
082 _a869.56 /
_bAN61
100 _aAngulo, Carlos Z.
_919658
245 _aLa sierra y la selva /
260 _aHuancayo :
_bEl Sol,
_c1945.
300 _a230 páginas ;
_c17 cm.
500 _aDonación de la familia Nieto. Dedicatoria a la Sra. Leticia Valcárcel de Alvares
650 _aPerú
_935
650 _aNovela de Huancayo
_919659
650 _aSigo XX
_916363
700 _aQuijada Jara, Sergio (Prólogo)
_919660
942 _2ddc
_cLIBROS
945 _araen